Logo Biblioteca

Sfruttatori / (Registro nro. 129)

Detalles MARC
000 -LEADER
fixed length control field 01024nam a22002177a 4500
003 - CONTROL NUMBER IDENTIFIER
control field OSt
005 - DATE AND TIME OF LATEST TRANSACTION
control field 20240416092519.0
008 - FIXED-LENGTH DATA ELEMENTS--GENERAL INFORMATION
fixed length control field 231018s2018 ag ||||| |||| 00| p spa d
020 ## - INTERNATIONAL STANDARD BOOK NUMBER
International Standard Book Number 9789871912827
040 ## - CATALOGING SOURCE
Transcribing agency besoc
100 1# - MAIN ENTRY--PERSONAL NAME
Personal name Bilsky, Pablo,
Dates associated with a name (1963-),
Relator term autor
245 10 - TITLE STATEMENT
Title Sfruttatori /
Statement of responsibility, etc. Pablo Bilsky
250 ## - EDITION STATEMENT
Edition statement 1a ed.
260 ## - PUBLICATION, DISTRIBUTION, ETC.
Place of publication, distribution, etc. Rosario :
Name of publisher, distributor, etc. emr,
Date of publication, distribution, etc. 2018
300 ## - PHYSICAL DESCRIPTION
Extent 70 p.
490 ## - SERIES STATEMENT
Series statement Colección Felipe Aldana
505 0# - FORMATTED CONTENTS NOTE
Formatted contents note Superman -- Walt Disney -- Las Vegas -- Frick -- Bean -- Notas.-
520 ## - SUMMARY, ETC.
Summary, etc. A ritmo desenfrenado y mediante un mecanismo de integración y reutilización de segmentos de toda clase de discursos sociales, entre los que brilla una serie de citas literarias que va del prerrenacimiento italiano al neobarroso transplatino, estos cinco poemas que se llaman Superman, Walt Disney, Las Vegas, Frick y Bean experimentan cada uno una deriva monográfica posible por el espejismo de la cultura norteamericana.-
650 #4 - SUBJECT ADDED ENTRY--TOPICAL TERM
Topical term or geographic name entry element Literatura argentina
Form subdivision Poesía
Chronological subdivision Siglo XXI
942 ## - ADDED ENTRY ELEMENTS (KOHA)
Source of classification or shelving scheme Universal Decimal Classification
Koha item type Obra General
Suppress in OPAC No
Existencias
Withdrawn status Lost status Source of classification or shelving scheme Damaged status Not for loan Collection Home library Current library Date acquired Total checkouts Full call number Barcode Date last seen Price effective from Koha item type
    Universal Decimal Classification     Colección General Biblioteca Escuela de Ciencias Sociales Biblioteca Escuela de Ciencias Sociales 19/10/2023   82-1(821.6) B599 000042 19/10/2023 19/10/2023 Obra General
Biblioteca de la Escuela Preuniversitaria en Ciencias Sociales y Humanísticas.
Riobamba 250 bis.
CP 2000 - Rosario - Santa Fe
E-Mail: biblioteca@esociales.unr.edu.ar